Programming the Web: An Introduction(Sách Photocopy) /

Uloženo v:
Podrobná bibliografie
Hlavní autor: Sosinsky Barrie
Další autoři: Hilley Valda
Médium: Kniha
Jazyk:Vietnamese
Vydáno: American : McGraw -Hill , 2004
Témata:
Tagy: Přidat tag
Žádné tagy, Buďte první, kdo otaguje tento záznam!
Thư viện lưu trữ: Thư viện Trường CĐ Kỹ Thuật Cao Thắng
LEADER 00697nam a2200217 a 4500
001 TVCDKTCT6833
003 Thư viện trường Cao đẳng Kỹ thuật Cao Thắng
005 20070509000000
008 070509
980 \ \ |a Thư viện Trường CĐ Kỹ Thuật Cao Thắng 
024 |a RG_1 #1 eb0 i1 
020 # # |a 0-07-286605-5 
041 0 # |a vie 
082 # # |a 005 /   |b PR400G-b 
100 1 # |a Sosinsky Barrie 
245 0 0 |a Programming the Web: An Introduction(Sách Photocopy) /  |c Sosinsky Barrie, Hilley Valda 
260 # # |a American :  |b McGraw -Hill ,  |c 2004 
300 # # |a 396tr. ;  |c 23cm 
650 # 4 |a Chương trình Web 
650 # 4 |a Xây dựng trang Web 
700 0 # |a Hilley Valda